<?xml version="1.0" encoding="UTF-8"?>
<record
    xmlns:xsi="http://www.w3.org/2001/XMLSchema-instance"
    xsi:schemaLocation="http://www.loc.gov/MARC21/slim http://www.loc.gov/standards/marcxml/schema/MARC21slim.xsd"
    xmlns="http://www.loc.gov/MARC21/slim">

  <leader>00263nam a2200097Ia 4500</leader>
  <datafield tag="082" ind1=" " ind2=" ">
    <subfield code="a">AF LING</subfield>
  </datafield>
  <datafield tag="245" ind1=" " ind2="0">
    <subfield code="a">Susanna M Lingua-Keur 13 </subfield>
  </datafield>
  <datafield tag="100" ind1=" " ind2=" ">
    <subfield code="a"> LINGUA, Susanna M.     Kaapstaad, 2010     </subfield>
    <subfield code="9">65989</subfield>
  </datafield>
  <datafield tag="942" ind1=" " ind2=" ">
    <subfield code="c">BK</subfield>
  </datafield>
  <controlfield tag="008">210817s9999    xx            000 0 und d</controlfield>
  <datafield tag="999" ind1=" " ind2=" ">
    <subfield code="c">407606</subfield>
    <subfield code="d">407605</subfield>
  </datafield>
</record>
